Sports Quiz

Random Sports or Tennis Quiz

French Open Champs (A-Z) Quiz Stats

 Plays Quiz Updated Jun 10, 2019

Score 0/20 Timer 05:00
9 Plays Today
Letter Champions % Correct
NNăstase, Noah, Nadal, Navratilova
96%
WWilander, Wawrinka, Williams
93.8%
FFerrero, Federer
92.4%
AAgassi
84.1%
BBorg, Bruguera, Barker, Barty
77.8%
DDjokovic
77.7%
SSánchez, Seles, Schiavone, Sharapova
75.9%
GGimeno, Gómez, Gaudio, Goolagong, Graf
74.5%
LLaver, Lendl, Li
73%
CChang, Courier, Costa, Court, Capriati
71.7%
Letter Champions % Correct
KKodeš, Kafelnikov, Kuerten, King, Kuznetsova
70.3%
EEvert
51.9%
MMuster, Moyá, Mandlíková, Majoli, Myskina, Muguruza
48.6%
HHalep, Henin
48%
VVilas
36.3%
IIvanovic
32.9%
PPanatta, Pierce
30.7%
OOstapenko
26.7%
RRosewall, Richey, Ruzici
19.4%
JJaušovec
6.4%

You're not logged in!

Compare scores with friends on all Sporcle quizzes.
OR
Log In

Show Comments

Extras

Top Quizzes Today


Score Distribution

Your Account Isn't Verified!

In order to create a playlist on Sporcle, you need to verify the email address you used during registration. Go to your Sporcle Settings to finish the process.

Report this User

Report this user for behavior that violates our Community Guidelines.

Details: